| 000 | 00527nam a2200205Ia 4500 | ||
|---|---|---|---|
| 005 | 20260429112201.0 | ||
| 008 | 260429s9999||||xx |||||||||||||| ||und|| | ||
| 020 | _a9789384370657 | ||
| 041 | _aEnglish | ||
| 082 |
_a297.4 _bKHA |
||
| 100 | _aKhan, Nasir Raza | ||
| 245 | 0 |
_aSufism : _bin India and central Asia / _cNasir Raza Khan |
|
| 250 | _a1st ed. | ||
| 260 |
_aNew Delhi : _bManakin Press, _c2025. |
||
| 300 | _axiv, 257 p.; hb | ||
| 650 | _a Central Asia | ||
| 650 | _a India | ||
| 650 | _aSufism | ||
| 942 | _cTB | ||
| 999 |
_c52776 _d52776 |
||